000 00464nam a2200169Ia 4500
001 63687
008 150109s9999 xx 000 0 und d
020 _a9781849041669
040 _cPK-LaUMT
082 _a 363.325088290942
_bLAM-C
100 _aLambert, Robert
245 _aCountering Al-Qaeda in London
_bpolice and Muslims in partnership
_cLambert, Robert
260 _aLondon,UK:
_bHurst & Company,
_c2011
300 _a402 p.
546 _aEN
942 _cBK
999 _c64341
_d64341